Surveys on small scale holder of cattle raising in kampang commune, preykabaiaing district, takeo province,(ការសិក្សាលើការចិញ្ចឹមមគោជាលក្ខណៈគ្រួសារ នៅឃុំកំពែង ស្រុកព្រៃកប្បាស ខេត្តតាកែវ). (Record no. 920)
[ view plain ]
| 000 -LEADER | |
|---|---|
| fixed length control field | 00698nam a22001577a 4500 |
| 003 - CONTROL NUMBER IDENTIFIER | |
| control field | OSt |
| 005 - DATE AND TIME OF LATEST TRANSACTION | |
| control field | 20150920154752.0 |
| 008 - FIXED-LENGTH DATA ELEMENTS--GENERAL INFORMATION | |
| fixed length control field | 150920b xxu||||| |||| 00| 0 eng d |
| 040 ## - CATALOGING SOURCE | |
| Transcribing agency | RUA |
| 082 ## - DEWEY DECIMAL CLASSIFICATION NUMBER | |
| Classification number | AGR HON 2006 BO33 Or.1 |
| 100 ## - MAIN ENTRY--PERSONAL NAME | |
| 9 (RLIN) | 955 |
| Personal name | HONG, SAMBATH |
| 245 ## - TITLE STATEMENT | |
| Title | Surveys on small scale holder of cattle raising in kampang commune, preykabaiaing district, takeo province,(ការសិក្សាលើការចិញ្ចឹមមគោជាលក្ខណៈគ្រួសារ នៅឃុំកំពែង ស្រុកព្រៃកប្បាស ខេត្តតាកែវ). |
| 260 ## - PUBLICATION, DISTRIBUTION, ETC. (IMPRINT) | |
| Place of publication, distribution, etc. | phnom phen |
| Name of publisher, distributor, etc. | RUA |
| Date of publication, distribution, etc. | 29CM |
| 300 ## - PHYSICAL DESCRIPTION | |
| Extent | XI,60P. |
| Other physical details | ILL. |
| Dimensions | 239CM. |
| 942 ## - ADDED ENTRY ELEMENTS (KOHA) | |
| Source of classification or shelving scheme | |
| Koha item type | AGR |
No items available.